ARRUPE JESUIT UNIVERSITY

CORONAVIRUS -STOP THE SPREAD - CLEAN,DISINFECT,COVER

Seeing through the eyes of Jesus : (Record no. 119768)

MARC details
000 -LEADER
fixed length control field 01424cam a2200325 a 4500
001 - CONTROL NUMBER
control field 15275128
003 - CONTROL NUMBER IDENTIFIER
control field ARRUPE
005 - DATE AND TIME OF LATEST TRANSACTION
control field 20140130113310.0
008 - FIXED-LENGTH DATA ELEMENTS--GENERAL INFORMATION
fixed length control field 080424s2008 miu b 001 0 eng
010 ## - LIBRARY OF CONGRESS CONTROL NUMBER
LC control number 2008018549
020 ## - INTERNATIONAL STANDARD BOOK NUMBER
International Standard Book Number 9780802863409 (pbk. : alk. paper)
020 ## - INTERNATIONAL STANDARD BOOK NUMBER
International Standard Book Number 080286340X (pbk. : alk. paper)
035 ## - SYSTEM CONTROL NUMBER
System control number (OCoLC)ocn227002081
035 ## - SYSTEM CONTROL NUMBER
System control number (OCoLC)227002081
Canceled/invalid control number (OCoLC)213452260
040 ## - CATALOGING SOURCE
Original cataloging agency DLC
Transcribing agency DLC
Modifying agency YDXCP
-- BTCTA
-- C#P
-- BWX
-- CDX
-- DLC
050 00 - LIBRARY OF CONGRESS CALL NUMBER
Classification number BT203
Item number .B34 2008
082 00 - DEWEY DECIMAL CLASSIFICATION NUMBER
Classification number 232
Edition number 22
300 ## - PHYSICAL DESCRIPTION
Dimensions 23 cm.
100 1# - MAIN ENTRY--PERSONAL NAME
Personal name Baggett, John.
9 (RLIN) 7292
245 10 - TITLE STATEMENT
Title Seeing through the eyes of Jesus :
Remainder of title his revolutionary view of reality and his transcendent significance for faith /
Statement of responsibility, etc John Baggett.
260 ## - PUBLICATION, DISTRIBUTION, ETC. (IMPRINT)
Place of publication, distribution, etc Grand Rapids, Mich. :
Name of publisher, distributor, etc William B. Eerdmans Pub.,
Date of publication, distribution, etc 2008.
300 ## - PHYSICAL DESCRIPTION
Extent ix, 409 p. ;
504 ## - BIBLIOGRAPHY, ETC. NOTE
Bibliography, etc Includes bibliographical references (p. 381-388) and indexes.
505 0# - FORMATTED CONTENTS NOTE
Formatted contents note Seeing through the eyes of Jesus -- Seeing Jesus through the eyes of faith.
600 00 - SUBJECT ADDED ENTRY--PERSONAL NAME
Personal name Jesus Christ
General subdivision Person and offices.
9 (RLIN) 7293
650 #0 - SUBJECT ADDED ENTRY--TOPICAL TERM
Topical term or geographic name as entry element Christianity
General subdivision Philosophy.
9 (RLIN) 7294
856 41 - ELECTRONIC LOCATION AND ACCESS
Materials specified Table of contents only
Uniform Resource Identifier <a href="http://www.loc.gov/catdir/toc/ecip0817/2008018549.html">http://www.loc.gov/catdir/toc/ecip0817/2008018549.html</a>
906 ## - LOCAL DATA ELEMENT F, LDF (RLIN)
a 7
b cbc
c orignew
d 1
e ecip
f 20
g y-gencatlg
942 ## - ADDED ENTRY ELEMENTS (KOHA)
Source of classification or shelving scheme Library of Congress Classification
Koha item type Monograph ( Printed materials)
Holdings
Withdrawn status Lost status Source of classification or shelving scheme Damaged status Not for loan Collection code Home library Current library Shelving location Date acquired Total Checkouts Full call number Barcode Date last seen Price effective from Koha item type
    Library of Congress Classification     Main Collection ARRUPE LIBRARY ARRUPE LIBRARY Main Collection 30/01/2014   BT203 .B34 2008 464123499 01/12/2016 30/01/2014 Monograph ( Printed materials)

 

Arrupe Library. PO Box MP320 Mt Pleasant, Harare, Zimbabwe
263 242 745411|librarian@aju.ac.zw